Les personnages principaux de HPI + Famille de Morgane - Statistiques

Statistiques générales
  • Ce quiz a été pris 310 fois
  • Le résultat moyen est 12 sur 14
Statistiques - réponses
Indice Réponse % Correct
Super poulet Karadec
99%
160 Morgane
96%
La directrice de la DIPJ Céline
94%
Ainée Théa
91%
C'est auprès d'elle que ses collègues se tournent pour avoir toutes les informations. Daphné
87%
Ami de Karadec Gilles
86%
Ex de Karadec Roxane
85%
Nouveau à lunette Timothée
85%
Disparu en Angleterre Romain
84%
Même QI que sa mère Eliott
83%
Ex de Morgane Ludovic
81%
Père de Morgane Serge
74%
Mère de Morgane Agnès
62%
Remplaçant Fred
54%
Aucun quiz correspondant
Distribution des résultats
% des personnes avec chaque résultat
Percentile par nombre de réponses
Votre historique - résultats
Vous n’avez pas pris ce quiz